00875nam a2200217 i 450000100060000000300090000600500170001500700030003200800410003510000370007624501050011325000120021826000620023030000350029270000290032785200210035685200210037799900170039895201210041595201210053621936ES-MaACL20230906152556.0t|021128s1902 it ||||1| ita d1 aAlessandri, Paolo Emilio.91974813aLa pratica delle disinfezioni pubbliche e private / cper Paolo Emilio Alessandri e Luciano Pizzini. a2ยช ed. aMilano : bUlrico Hoepli, c1902 (eFirenze : fS. Landi) aVII, 258 p. : bil. ; c16 cm.1 aPizzini, Luciano.992465 aES-MaACLjD-3621 aES-MaACLjF-4561 c21936d21936 00104070aATENEOMbATENEOMcDEPO2d2008-01-17eSCl0oF-4561p1022548r2023-02-23 00:00:00w2023-02-23yMONOGRAFIA 00104070aATENEOMbATENEOMcSVId2008-01-17eSCl0oD-3621p901022547r2023-02-23 00:00:00w2023-02-23yMONOGRAFIA